Fifa 21 Top 25 Brazil Players - Statistics

General Stats
  • This quiz has been taken 178 times
  • The average score is 15 of 25
Answer Stats
Rating Team Player % Correct
91 PSG Neymar
99%
90 Liverpool Alisson
97%
88 Manchester City Ederson
91%
87 Liverpool Fabinho
90%
87 Liverpool Roberto Firmino
90%
89 Real Madrid Casemiro
89%
85 Chelsea Thiago Silva
85%
85 PSG Marquinhos
82%
85 Piemonte Calcio Alex Sandro
69%
84 Manchester City Fernandinho
65%
83 Manchester City Gabriel Jesus
64%
83 Real Madrid Marcelo
60%
83 Shanghai SIPG Oscar
59%
84 Bayern Munich Douglas Costa
58%
83 Tottenham Hotspur Lucas Moura
50%
83 FC Barcelona Philippe Coutinho
50%
84 Piemonte Calcio Arthur
47%
83 Guangzhou Evergrande Paulinho
45%
84 Manchester United Alex Telles
43%
84 Atletico Madrid Felipe
41%
84 Lazio Lucas Leiva
37%
83 Everton Allan
36%
83 Sevilla FC Diego Carlos
29%
83 Sevilla FC Fernando
29%
83 Beijing Guoan Renato Augusto
22%
No matching quizzes found
Score Distribution
Percent of People with Each Score
Percentile by Number Answered
Your Score History
You have not taken this quiz